AH International Schools' Libraries

Normal view MARC view
  • Composers

Entry Topical Term

Number of records used in: 1

001 - CONTROL NUMBER

  • control field: 86959

003 - CONTROL NUMBER IDENTIFIER

  • control field: OSt

005 - DATE AND TIME OF LATEST TRANSACTION

  • control field: 20251203085907.0

008 - FIXED-LENGTH DATA ELEMENTS

  • fixed length control field: 251203|| aca||aabn | a|a d

040 ## - CATALOGING SOURCE

  • Original cataloging agency: OSt
  • Transcribing agency: OSt

150 ## - HEADING--TOPICAL TERM

  • Topical term or geographic name as entry element: Composers
  • Form subdivision: Juvenile literature

670 ## - SOURCE DATA FOUND

  • Source citation: Work cat.: (OSt)49823: Levine, Robert, author. 80131, The story of the orchestra/, 2001.

For any Logos Library related questions please contact Miss Art at swongnarasuk@asianhope.org.

For any Asian Hope Library related questions please contact Miss Raza at graza@asianhope.org.

Powered by Koha